000 02528nam0a2200469 4500
001 RU\NLR\BIBL_A\022662538
005 20260406085856.0
010 _a978-5-7924-2148-6
_91000
035 _a(NLR Aleph) 022662538
090 _a13543793
_c13543793
100 _a20251110d2025 u y0rusy50 ca
101 0 _arus
102 _aRU
105 _aac z 000аy
181 0 _ai
_baxxe
182 0 _an
200 1 _aОгненные были
_e[стихи, проза, очерки, воспоминания]
_fсоставители: И. В. Пырков, Н. А. Кочелаева
_gредакционная коллегия: Р. В. Бусаргин [и др.]
203 _aТекст
_bвизуальный
_cнепосредственный
210 _aСаратов
_cИзд-во Саратовской государственной юридической академии
_d2025
215 _a151 с.
_cил., портр.
_d27
606 1 _aВеликая Отечественная война
_xв художественной литературе
_z1941 - 1945
_91237620
_3RU\NLR\AUTH\66187768
686 0 _aШ9(2)62=Р7я43
686 2 _aШ6(2=Р)75-94
686 2 _aШ6(2=Р)8-94
702 1 _4220
_7ca
_8rus
_aПырков
_bИ. В.
_f1972-
_gИван Владимирович
_3RU\NLR\AUTH\770280457
_92652424
702 1 _aБусаргин
_bР. В.
_gРоман Викторович
_4340
856 4 _lVNP_SKP
_tVIEW
_uhttps://webservices.nlr.ru/viewer/file?name=a022662538_002.txt
_yАннотация
856 4 _lVNP_SKP
_tVIEW
_uhttps://webservices.nlr.ru/viewer/file?name=p022662538_003.jpg
_x001
_yСтраница
856 4 _lVNP_SKP
_tVIEW
_uhttps://webservices.nlr.ru/viewer/file?name=p022662538_004.jpg
_x002
_yСтраница
856 4 _lVNP_SKP
_tVIEW
_uhttps://webservices.nlr.ru/viewer/file?name=p022662538_005.jpg
_x003
_yСтраница
856 4 _lVNP_SKP
_tVIEW
_uhttps://webservices.nlr.ru/viewer/file?name=p022662538_006.jpg
_x004
_yСтраница
856 4 _lVNP_SKP
_tVIEW
_uhttps://webservices.nlr.ru/viewer/file?name=p022662538_007.jpg
_x005
_yСтраница
856 4 _lVNP_SKP
_tVIEW
_uhttps://webservices.nlr.ru/viewer/file?name=p022662538_008.jpg
_x006
_yСтраница
856 4 1 _lVNP_SKP
_tVIEW
_uhttps://webservices.nlr.ru/viewer/file?name=t022662538_001.jpg
_yОбложка
942 _cBOOK
980 4 _aVNP_SKP
980 _aNB